Szczegóły MARC21

Słownik terminów z zakresu informacji europejskiej występujących w dokumentach Unii Europejskiej /

003 -Nazwa inst., której nr kontr. jest w polu 001 [,]
    • @
    • Nazwa instytucji, której n kontrolny jest w polu 001
    • NUKAT
005 -DATA I CZAS OSTATNIEJ MODYFIKACJI [,]
    • @
    • pole kontrolne
    • 20241231104508.0
020 -Międzynarod. znormalizowany nr książki - ISBN [ , ]
    • a
    • Numer ISBN
    • 8389972255 Find
040 -Instytucja sporządzająca opis [ , ]
    • a
    • Instytucja, która sporządziła opis (NP)
    • WR U/PAd
    • c
    • Instytucja, która sporządziła rekord (NP)
    • WR U/ap
    • d
    • Instytucja, która zmodyfikowała rekord (P)
    • WR U/jm
    • d
    • Instytucja, która zmodyfikowała rekord (P)
    • TOR U/an7s
    • d
    • Instytucja, która zmodyfikowała rekord (P)
    • WR O/djas
041 -Język dokumentu [0, ]
    • a
    • Język tekstu (P)
    • polski
    • a
    • Język tekstu (P)
    • angielski
942 -Rodzaj dokumentu [ , ]
    • c
    • Rodzaj dokumentu
    • Książka
245 -Strefa tytułu i oznaczenia odpowiedzialności [0,0]
    • a
    • Tytuł
    • Słownik terminów z zakresu informacji europejskiej występujących w dokumentach Unii Europejskiej / Find
    • c
    • Pozostałe elementy strefy tytułu i oznaczenia odpowiedzialności (NP)
    • Biblioteka Depozytowa Wspólnot Europejskich. Urząd Komitetu Integracji Europejskiej.
260 -Strefa adresu wydawniczego [ , ]
    • a
    • Miejsce wydania (P)
    • Warszawa :
    • b
    • Nazwa wydawcy (P)
    • UKIE. Departament Dokumentacji Europejskiej,
    • c
    • Data wydania (P)
    • 2004.
300 -Strefa opisu fizycznego [ , ]
    • a
    • Określenie formy książki i/lub objętość (NP)
    • 137, [1] s. ;
    • c
    • Format (NP)
    • 24 cm.
336 -Typ zawartości [ , ]
    • a
    • Termin opisujący typ zawartości
    • Tekst
    • b
    • Kod określający zawartość
    • txt
    • 2
    • Źródło (terminu i kodu)
    • rdacontent
337 -Typ mediów [ , ]
    • a
    • Tryb odtwarzania
    • Bez urządzenia pośredniczącego
    • b
    • Kod typu mediów
    • n
    • 2
    • Źródło (terminu i kodu)
    • rdamedia
338 -Typ/rodzaj nośnika [ , ]
    • a
    • Hasło opisujące typ nośnika
    • Wolumin
    • b
    • Kod typu nośnika
    • nc
    • 2
    • Źródło (terminu i kodu)
    • rdacarrier
500 -Uwaga ogólna [ , ]
    • a
    • Uwaga ogólna (NP)
    • Na okł. oznaczenie: 017 [nr kolejnej poz. wydawniczej].
504 -Uwaga dot. bibliogr. załącznikowej [ , ]
    • a
    • Uwaga dot. bibliografii załącznikowej
    • Bibliogr. s. [6].
546 -Uwaga dot. języka [ , ]
    • a
    • Uwaga dot. języka
    • Słownik terminów ang.-pol. i pol-ang.
080 -Uniwersalna Klasyfikacja Dziesiętna [ , ]
    • 2
    • Identyfikator wydania tablic
    • UDC-PO58
    • a
    • Symbol klasyfikacji
    • 002
    • b
    • Dopowiedzenie
    • Dokumentacja. Książki w ogólności.
    • x
    • Poddział wspólny
    • (038)
    • b
    • Dopowiedzenie
    • Słowniki.
    • x
    • Poddział wspólny
    • =111
    • b
    • Dopowiedzenie
    • Język angielski.
    • x
    • Poddział wspólny
    • =162.1
    • b
    • Dopowiedzenie
    • Język polski.
080 -Uniwersalna Klasyfikacja Dziesiętna [ , ]
    • 2
    • Identyfikator wydania tablic
    • UDC-PO58
    • a
    • Symbol klasyfikacji
    • 339.923
    • b
    • Dopowiedzenie
    • Unie gospodarcze. Wspólnoty gospodarcze. Bloki gospodarcze.
    • x
    • Poddział wspólny
    • (4-67)
    • b
    • Dopowiedzenie
    • Kraje Unii Europejskiej.
    • x
    • Poddział wspólny
    • (038)
    • b
    • Dopowiedzenie
    • Słowniki.
    • x
    • Poddział wspólny
    • =111
    • b
    • Dopowiedzenie
    • Język angielski.
    • x
    • Poddział wspólny
    • =162.1
    • b
    • Dopowiedzenie
    • Język polski.
080 -Uniwersalna Klasyfikacja Dziesiętna [ , ]
    • 2
    • Identyfikator wydania tablic
    • UDC-PO58
    • a
    • Symbol klasyfikacji
    • 061.1A/Z
    • b
    • Dopowiedzenie
    • Bibliografie dziedzin i zagadnień.
    • x
    • Poddział wspólny
    • (4-67)
    • b
    • Dopowiedzenie
    • Kraje Unii Europejskiej.
    • x
    • Poddział wspólny
    • (038)
    • b
    • Dopowiedzenie
    • Słowniki.
    • x
    • Poddział wspólny
    • =111
    • b
    • Dopowiedzenie
    • Język angielski.
    • x
    • Poddział wspólny
    • =162.1
    • b
    • Dopowiedzenie
    • Język polski.
610 -Hasło przedmiotowe w formie nazwy ciała zbiorowego [2,7]
    • a
    • Nazwa ciała zbiorowego lub nazwa geograficzna
    • Unia Europejska
    • v
    • Określnik formalny
    • terminologia.
    • 2
    • Źródło terminu
    • kaba
    • 9
    • KHW
    • 361059
610 -Hasło przedmiotowe w formie nazwy ciała zbiorowego [2,7]
    • a
    • Nazwa ciała zbiorowego lub nazwa geograficzna
    • Unia Europejska
    • v
    • Określnik formalny
    • słowniki angielskie.
    • 2
    • Źródło terminu
    • kaba
    • 9
    • KHW
    • 406790
610 -Hasło przedmiotowe w formie nazwy ciała zbiorowego [2,7]
    • a
    • Nazwa ciała zbiorowego lub nazwa geograficzna
    • Unia Europejska
    • v
    • Określnik formalny
    • słowniki polskie.
    • 2
    • Źródło terminu
    • kaba
    • 9
    • KHW
    • 406791
980 -Symbol UKD [ , ]
    • a
    • UKD
    • 002(038)=111=162.1:[339.923:061.1Unia Europejska](4-67)(038)=111=162.1
710 -Hasło dodatkowe - nazwa ciała zbiorowego [1, ]
    • a
    • Nazwa ciała zbiorowego lub nazwa geograficzna jako pierwszy element (NP)
    • Polska.
    • b
    • Nazwa jednostki podrzędnej (P)
    • Urząd Komitetu Integracji Europejskiej.
    • b
    • Nazwa jednostki podrzędnej (P)
    • Biblioteka Depozytowa Wspólnot Europejskich.
    • 9
    • KHW
    • 248892
920 -ISBN [ , ]
    • a
    • ISBN
    • 83-89972-25-5 Find
Status udost. Numer inwentarzowy Sygnatura Data inwentaryzacji Lokalizacja
-2E.69926 2006-01-09BE
1CDE.1420 2005-04-12BG
1Z.108849 2007-06-27BG
1H.13990 2006-01-09BNS
1SA.13976SA.139762006-01-09BSA
-2T.8918 2006-01-09T